<?xml version="1.0" encoding="UTF-8"?>
<record
    xmlns:xsi="http://www.w3.org/2001/XMLSchema-instance"
    xsi:schemaLocation="http://www.loc.gov/MARC21/slim http://www.loc.gov/standards/marcxml/schema/MARC21slim.xsd"
    xmlns="http://www.loc.gov/MARC21/slim">

  <leader>00737nam a22001337a 4500</leader>
  <datafield tag="040" ind1=" " ind2=" ">
    <subfield code="c">RUA</subfield>
  </datafield>
  <datafield tag="082" ind1=" " ind2=" ">
    <subfield code="a">VEM MAO 2021 B1-530 Or.</subfield>
  </datafield>
  <datafield tag="100" ind1=" " ind2=" ">
    <subfield code="a">MAO SOKIM,&#x1798;&#x17C9;&#x17C5; &#x179F;&#x17BB;&#x1782;&#x17B8;&#x1798;</subfield>
  </datafield>
  <datafield tag="245" ind1=" " ind2=" ">
    <subfield code="a">ANTIBIOTIC USE AND ANTIMICROBIAL RESISTANCE IN POULTRY PRODUCTION IN KAMPONG SPEU PROVINCE,&#x1780;&#x17B6;&#x179A;&#x1794;&#x17D2;&#x179A;&#x17BE;&#x1794;&#x17D2;&#x179A;&#x17B6;&#x179F;&#x17CB;&#x17B1;&#x179F;&#x1790;&#x17A2;&#x1784;&#x17CB;&#x1791;&#x17B8;&#x1794;&#x17CA;&#x17B8;&#x1799;&#x17C9;&#x17BC;&#x1791;&#x17B7;&#x1780; &#x1793;&#x17B7;&#x1784;&#x1797;&#x17B6;&#x1796;&#x179F;&#x17CA;&#x17B6;&#x17C6;&#x17B1;&#x179F;&#x1790;&#x1794;&#x17D2;&#x179A;&#x1786;&#x17B6;&#x17C6;&#x1784;&#x1798;&#x17C1;&#x179A;&#x17C4;&#x1782;&#x1780;&#x17D2;&#x1793;&#x17BB;&#x1784;&#x1795;&#x179B;&#x17B7;&#x178F;&#x1780;&#x1798;&#x17D2;&#x1798;&#x1794;&#x1780;&#x17D2;&#x179F;&#x17B8;&#x1793;&#x17C5;&#x1781;&#x17C1;&#x178F;&#x17D2;&#x178F;&#x1780;&#x17C6;&#x1796;&#x1784;&#x17CB;&#x179F;&#x17D2;&#x1796;&#x17BA;</subfield>
  </datafield>
  <datafield tag="260" ind1=" " ind2=" ">
    <subfield code="a">phnom penh</subfield>
    <subfield code="b">rua</subfield>
    <subfield code="c">2021</subfield>
  </datafield>
  <datafield tag="300" ind1=" " ind2=" ">
    <subfield code="a">ix.46p.</subfield>
    <subfield code="b">ill.</subfield>
    <subfield code="c">29cm.</subfield>
  </datafield>
  <datafield tag="856" ind1=" " ind2=" ">
    <subfield code="u">https://drive.google.com/file/d/1OYEwkD1Yi-KUNZWkKyr-UebpdDjxEnxM/view?usp=sharing</subfield>
  </datafield>
  <datafield tag="942" ind1=" " ind2=" ">
    <subfield code="c">VEM</subfield>
  </datafield>
  <datafield tag="999" ind1=" " ind2=" ">
    <subfield code="c">21766</subfield>
    <subfield code="d">21766</subfield>
  </datafield>
  <datafield tag="952" ind1=" " ind2=" ">
    <subfield code="0">0</subfield>
    <subfield code="1">0</subfield>
    <subfield code="4">0</subfield>
    <subfield code="6">VEM_MAO_2021_000000000000000_B1530_OR</subfield>
    <subfield code="7">0</subfield>
    <subfield code="9">94722</subfield>
    <subfield code="a">LBB</subfield>
    <subfield code="b">LBB</subfield>
    <subfield code="c">B1.530</subfield>
    <subfield code="d">2023-08-25</subfield>
    <subfield code="o">VEM MAO 2021 B1-530 Or.</subfield>
    <subfield code="p">a71982</subfield>
    <subfield code="r">2023-08-25</subfield>
    <subfield code="y">VEM</subfield>
  </datafield>
  <datafield tag="952" ind1=" " ind2=" ">
    <subfield code="0">0</subfield>
    <subfield code="1">0</subfield>
    <subfield code="4">0</subfield>
    <subfield code="6">VEM_MAO_2021_000000000000000_B1530_OR</subfield>
    <subfield code="7">0</subfield>
    <subfield code="9">94723</subfield>
    <subfield code="a">LBB</subfield>
    <subfield code="b">LBB</subfield>
    <subfield code="c">B1.530</subfield>
    <subfield code="d">2023-08-25</subfield>
    <subfield code="o">VEM MAO 2021 B1-530 Or.</subfield>
    <subfield code="p">a71992</subfield>
    <subfield code="r">2023-08-25</subfield>
    <subfield code="y">VEM</subfield>
  </datafield>
  <datafield tag="952" ind1=" " ind2=" ">
    <subfield code="0">0</subfield>
    <subfield code="1">0</subfield>
    <subfield code="4">0</subfield>
    <subfield code="6">VEM_MAO_2021_000000000000000_B1530_OR</subfield>
    <subfield code="7">0</subfield>
    <subfield code="9">94724</subfield>
    <subfield code="a">LBB</subfield>
    <subfield code="b">LBB</subfield>
    <subfield code="c">B1.530</subfield>
    <subfield code="d">2023-08-25</subfield>
    <subfield code="l">1</subfield>
    <subfield code="o">VEM MAO 2021 B1-530 Or.</subfield>
    <subfield code="p">a72132</subfield>
    <subfield code="r">2023-11-06</subfield>
    <subfield code="s">2023-10-23</subfield>
    <subfield code="y">VEM</subfield>
  </datafield>
  <datafield tag="952" ind1=" " ind2=" ">
    <subfield code="0">0</subfield>
    <subfield code="1">0</subfield>
    <subfield code="4">0</subfield>
    <subfield code="6">VEM_MAO_2021_000000000000000_B1530_OR</subfield>
    <subfield code="7">0</subfield>
    <subfield code="9">94725</subfield>
    <subfield code="a">LBB</subfield>
    <subfield code="b">LBB</subfield>
    <subfield code="c">B1.530</subfield>
    <subfield code="d">2023-08-25</subfield>
    <subfield code="o">VEM MAO 2021 B1-530 Or.</subfield>
    <subfield code="p">a72618</subfield>
    <subfield code="r">2023-08-25</subfield>
    <subfield code="y">VEM</subfield>
  </datafield>
  <datafield tag="952" ind1=" " ind2=" ">
    <subfield code="0">0</subfield>
    <subfield code="1">0</subfield>
    <subfield code="4">0</subfield>
    <subfield code="6">VEM_MAO_2021_000000000000000_B1530_OR</subfield>
    <subfield code="7">0</subfield>
    <subfield code="9">94726</subfield>
    <subfield code="a">LBB</subfield>
    <subfield code="b">LBB</subfield>
    <subfield code="c">B1.530</subfield>
    <subfield code="d">2023-08-25</subfield>
    <subfield code="l">1</subfield>
    <subfield code="o">VEM MAO 2021 B1-530 Or.</subfield>
    <subfield code="p">a72137</subfield>
    <subfield code="r">2023-12-25</subfield>
    <subfield code="s">2023-11-20</subfield>
    <subfield code="y">VEM</subfield>
  </datafield>
  <datafield tag="952" ind1=" " ind2=" ">
    <subfield code="0">0</subfield>
    <subfield code="1">0</subfield>
    <subfield code="4">0</subfield>
    <subfield code="6">VEM_MAO_2021_000000000000000_B1530_OR</subfield>
    <subfield code="7">0</subfield>
    <subfield code="9">94727</subfield>
    <subfield code="a">LBB</subfield>
    <subfield code="b">LBB</subfield>
    <subfield code="c">B1.530</subfield>
    <subfield code="d">2023-08-25</subfield>
    <subfield code="o">VEM MAO 2021 B1-530 Or.</subfield>
    <subfield code="p">a72212</subfield>
    <subfield code="r">2023-08-25</subfield>
    <subfield code="y">VEM</subfield>
  </datafield>
</record>
